| 000 | 00771nam a2200253 a 4500 | ||
|---|---|---|---|
| 003 | DO-SdBNP | ||
| 005 | 20220131083047.0 | ||
| 007 | ta | ||
| 008 | 220128e2019 dr a|||gr|||| 001 0dspa d | ||
| 020 | _a9789945169775 | ||
| 040 |
_aDO-SdBNP _bspa _cBNPHU |
||
| 082 | 4 |
_222 _bR696u |
|
| 100 | 1 |
_976206 _aRodríguez, Aurin |
|
| 245 | 1 | 0 |
_aUna nueva ruta en 40 días / _cAurín Rodríguez. |
| 260 |
_aSanto Domingo : _bBúho, _c2019 |
||
| 300 |
_a276 p. : _bil. ; _c23 cm. |
||
| 500 | _aIncluye datos biográfico de la autora en la contraportada. | ||
| 590 | _aInventariado 2022 / MF | ||
| 650 | 4 |
_98328 _aVida Cristiana _xEnseñaza Bíblica |
|
| 650 | 4 |
_9271 _aVida Espiritual _xFé |
|
| 710 |
_980974 _aDiez Veces Mas Group _eed. |
||
| 910 | _aMFeliz | ||
| 942 |
_2ddc _cLBS1 |
||
| 999 |
_c51259 _d51259 |
||